Vnútropodnikové predpisy pre vedenie účtovníctva bakalárska práca

Enregistré dans:
Détails bibliographiques
Auteur principal: Harčová, Veronika
Collectivité auteur: Podnikovohospodárska fakulta EU so sídlom v Košiciach. Katedra účtovníctva a financií
Autres auteurs: Zoričáková, Viera, 1960-
Format: Livre
Langue:slovaque
Publié: Košice 2013
Tags: Ajouter un tag
Pas de tags, Soyez le premier à ajouter un tag!

MARC

LEADER 00000nbm a2200000 4500
001 0172287
005 20161109112041.5
041 0 |a slo 
044 |a SK 
245 1 0 |a Vnútropodnikové predpisy pre vedenie účtovníctva  |b bakalárska práca  |c Veronika Harčová ; školiteľ: Viera Zoričáková 
264 1 |a Košice  |c 2013 
300 |a 51 s. 
100 1 |a Harčová, Veronika 
700 1 |a Zoričáková, Viera, 1960- 
710 2 |a Podnikovohospodárska fakulta EU so sídlom v Košiciach. Katedra účtovníctva a financií